Statistiken für Handball Olympiasieger Männer

Klicken Sie hier um das Quiz zu spielen!

Allgemein

  • Dieses Quiz wurde 234 mal gespielt
  • Das Durchschnittsergebnis liegt bei 10 aus 14

Antwortstatistiken

HintAntwort% Korrekt
2008Frankreich
99%
2012Frankreich
99%
2020Frankreich
99%
1936Deutschland
98%
2016Dänemark
95%
2000Russland
81%
1976Sowjetunion
75%
1988Sowjetunion
75%
1996Kroatien
69%
2004Kroatien
69%
1972Jugoslawien
67%
1984Jugoslawien
67%
1980Deutsche Demokratische Republik
8%
1992Vereintes Team
4%

Verteilung der Resultate

Perzentil nach korrekt beantworteten Fragen

Anzahl Personen mit jedem Resultat

Ihre Resultats-Entwicklung

Sie haben dieses Quiz noch nicht gespielt